000 00427nam a2200157Ia 4500
008 240729s9999 xx 000 0 und d
022 _a2807-8268
245 0 _aSmart
260 _aIndonesia
260 _bProgram Pascasarjana, Universitas Islam Negeri Raden Intan Lampung
650 _a Islamic law
650 _aLaw
856 _uhttps://doaj.org/toc/ee88e61e263241d48538e8dda0f2aeaa
942 _2ddc
942 _cDOAJEJ
999 _c74685
_d74685
945 _a1
_bMadushi Gamage
_c1
_dMadushi Gamage